000 00628cam a22002413a 4500
001 26443
003 PGUSA
005 20140828083553.0
008 080827s2008||||xxu|||||s|||||000 | eng d
040 _aPGUSA
_beng
042 _adc
050 4 _aSF
100 1 _aRondou, W.-F.
245 1 0 _aDe honig en zijn gebruik
_h[electronic resource] /
_cW.-F. Rondou
260 _bProject Gutenberg,
_c2008
506 _aPublic domain in the USA.
516 _aElectronic text
653 _aBees
653 _aBee culture
830 0 _aProject Gutenberg
_v26443
856 4 0 _uhttp://www.gutenberg.org/ebooks/26443
942 _cEB
999 _c255698
_d255698